[Event "VL 2016/17"]
[Site "Mecklenburg/Vorpommern"]
[Date "2017.04.23"]
[Round "9.3"]
[White "Glawe, Hartmut"]
[Black "Kunow, Frank"]
[Result "1/2-1/2"]
[WhiteElo "1939"]
[BlackElo "1891"]
[PlyCount "106"]
[EventType "team-tourn"]
[EventRounds "9"]
[SourceDate "2016.10.16"]
[WhiteTeam "FHSG Stralsund"]
[BlackTeam "SG Neubrandenburg"]

1. d4 g6 2. Bf4 d6 3. Nf3 Bg7 4. e3 Nd7 5. c3 e5 6. Bg3 Nh6 7. h3 Qe7 8. Be2
O-O 9. Na3 Nf5 10. Bh2 Nb6 11. O-O c6 12. Re1 f6 13. c4 Rd8 14. Qc2 c5 15. d5
Nh6 16. Nd2 f5 17. f4 e4 18. Kh1 Bd7 19. Reb1 Na4 20. Nb5 a6 21. Nc3 Nxc3 22.
bxc3 Rab8 23. Rb6 Nf7 24. Bg3 Qf6 25. Rc1 h5 26. Qb2 h4 27. Bh2 Bh6 28. Rf1 Be8
29. Nb3 Qe7 30. Na5 Qc7 31. Rb1 Bb5 32. Rxb7 Qxa5 33. Rxb8 Rxb8 34. cxb5 axb5
35. Bxb5 Bg7 36. a4 Bxc3 37. Qb3 Bf6 38. Qd1 Kh7 39. Bg1 Nh6 40. Bf2 Ng8 41.
Be1 Qc7 42. Bc6 Ne7 43. Rxb8 Qxb8 44. Ba5 Qc8 45. Bb5 Qa8 46. Bc7 Nxd5 47. Bxd6
Nxe3 48. Qc1 Qd5 49. Bxc5 Bd4 50. Bxd4 Qxd4 51. Qc7+ Kh6 52. Qe7 Qa1+ 53. Kh2
Qe1 1/2-1/2

[Event "VL 2016/17"]
[Site "Mecklenburg/Vorpommern"]
[Date "2017.04.23"]
[Round "9.4"]
[White "Winkler, Karl"]
[Black "Kohn, Andreas"]
[Result "1/2-1/2"]
[WhiteElo "1844"]
[BlackElo "1917"]
[PlyCount "70"]
[EventType "team-tourn"]
[EventRounds "9"]
[SourceDate "2016.10.16"]
[WhiteTeam "SG Neubrandenburg"]
[BlackTeam "FHSG Stralsund"]

1. e4 e6 2. d4 d5 3. exd5 exd5 4. Bd3 Bd6 5. Nf3 Nf6 6. Qe2+ Be7 7. Be3 O-O 8.
h3 Re8 9. Nbd2 Nc6 10. O-O Nb4 11. Bb5 Bd7 12. Bxd7 Qxd7 13. Rfc1 c5 14. c3 Nc6
15. Qd3 c4 16. Qc2 b5 17. b3 Bd6 18. Re1 h6 19. Nh4 Ne4 20. Nxe4 Rxe4 21. Nf3
Rae8 22. Bd2 Qf5 23. Rxe4 Rxe4 24. Be3 Qd7 25. Re1 Bc7 26. Qd1 Qd6 27. g3 Qa3
28. Qc2 Ne7 29. Kg2 Nf5 30. Bc1 Qe7 31. Rxe4 dxe4 32. Ne5 Bxe5 33. Qxe4 Bxd4
34. Qxe7 Nxe7 35. cxd4 cxb3 1/2-1/2

[Event "VL 2016/17"]
[Site "Mecklenburg/Vorpommern"]
[Date "2017.04.23"]
[Round "9.5"]
[White "Paulowitz, Bernd Rainer"]
[Black "Baier, Karsten"]
[Result "0-1"]
[WhiteElo "1892"]
[BlackElo "1839"]
[PlyCount "58"]
[EventType "team-tourn"]
[EventRounds "9"]
[SourceDate "2016.10.16"]
[WhiteTeam "FHSG Stralsund"]
[BlackTeam "SG Neubrandenburg"]

1. Nf3 Nf6 2. g3 b5 3. Bg2 Bb7 4. O-O c5 5. d3 e6 6. c4 a6 7. e4 d6 8. b3 Nbd7
9. Be3 Be7 10. h3 O-O 11. Nh2 Rb8 12. Nd2 d5 13. exd5 exd5 14. Bf4 Rc8 15. Re1
Re8 16. g4 g6 17. Qf3 Nb6 18. Qg3 Ba8 19. Rad1 d4 20. Nhf3 bxc4 21. bxc4 Na4
22. Nb1 Qa5 23. Re2 Bf8 24. Ne5 Bxg2 25. Kxg2 Nd7 26. Rc2 Nxe5 27. Bxe5 Qb6 28.
Nd2 Qc6+ 29. f3 f6 0-1

[Event "VL 2016/17"]
[Site "Mecklenburg/Vorpommern"]
[Date "2017.04.23"]
[Round "9.6"]
[White "Hartung, Lothar"]
[Black "Kohn, Thomas"]
[Result "0-1"]
[WhiteElo "1799"]
[BlackElo "1857"]
[PlyCount "105"]
[EventType "team-tourn"]
[EventRounds "9"]
[SourceDate "2016.10.16"]
[WhiteTeam "SG Neubrandenburg"]
[BlackTeam "FHSG Stralsund"]

1. d4 Nf6 2. Nf3 g6 3. e3 Bg7 4. Be2 c5 5. O-O cxd4 6. exd4 d5 7. c3 O-O 8. Re1
Qc7 9. h3 Nc6 10. Bb5 Bf5 11. Nbd2 a6 12. Ba4 b5 13. Bc2 Bxc2 14. Qxc2 e6 15.
a3 Rfc8 16. Qd1 a5 17. Nf1 Qb6 18. Be3 Ne4 19. N3d2 Nf6 20. Nf3 Qc7 21. Qd3 Qb7
22. Rec1 Ne4 23. N3d2 Nxd2 24. Qxd2 b4 25. cxb4 axb4 26. Ng3 bxa3 27. bxa3 Qa7
28. Ne2 Na5 29. Rxc8+ Rxc8 30. Qd3 Nc4 31. a4 Qa5 32. Bf4 Ra8 33. Qb3 Qa7 34.
Be3 Rb8 35. Qc3 Bf8 36. Bf4 Rb2 37. Qf3 Rxe2 38. Qxe2 Qxd4 39. Ra2 Qxf4 40. a5
Bc5 41. a6 Ba7 42. Kh1 Qd4 43. Qc2 Nd6 44. Ra4 Qb6 45. Ra1 Ne4 46. Qc8+ Kg7 47.
Rc1 Qxf2 48. Qc7 Be3 49. Qe5+ Kh6 50. Rb1 Bf4 51. Qb2 Qg3 52. Kg1 Qe3+ 53. Kh1
0-1

[Event "VL 2016/17"]
[Site "Mecklenburg/Vorpommern"]
[Date "2017.04.23"]
[Round "9.7"]
[White "Klepin, Wilfried"]
[Black "Hoerhold, Martin"]
[Result "1-0"]
[WhiteElo "1831"]
[BlackElo "1722"]
[PlyCount "67"]
[EventType "team-tourn"]
[EventRounds "9"]
[SourceDate "2016.10.16"]
[WhiteTeam "FHSG Stralsund"]
[BlackTeam "SG Neubrandenburg"]

1. e4 d6 2. f4 g6 3. d4 Bg7 4. Nf3 e6 5. Bd3 Ne7 6. O-O O-O 7. c4 c5 8. d5 exd5
9. exd5 Na6 10. h3 Nc7 11. Nc3 a6 12. Qc2 Rb8 13. b3 Nf5 14. Rb1 Re8 15. Bd2
Ne3 16. Bxe3 Rxe3 17. Rbe1 Rxe1 18. Rxe1 Qf6 19. Ne4 Qxf4 20. Nf2 b5 21. Re7
bxc4 22. bxc4 Rb2 23. Qd1 Rb7 24. g3 Qf6 25. Re4 Bf5 26. Rf4 Bh6 27. Ng4 Qg7
28. Nxh6+ Qxh6 29. Bxf5 gxf5 30. Nh4 Rb2 31. Qf3 Na8 32. Qc3 Rb1+ 33. Kg2 Nb6
34. Nxf5 1-0

[Event "VL 2016/17"]
[Site "Mecklenburg/Vorpommern"]
[Date "2017.04.23"]
[Round "9.8"]
[White "Dupke, Andreas"]
[Black "Giese, Lothar"]
[Result "1/2-1/2"]
[WhiteElo "1755"]
[BlackElo "1795"]
[PlyCount "125"]
[EventType "team-tourn"]
[EventRounds "9"]
[SourceDate "2016.10.16"]
[WhiteTeam "SG Neubrandenburg"]
[BlackTeam "FHSG Stralsund"]

1. e4 g6 2. d4 Bg7 3. Nf3 d6 4. Nc3 Nf6 5. Be2 O-O 6. O-O Nbd7 7. h3 c5 8. Be3
b6 9. e5 Ne8 10. exd6 Nxd6 11. dxc5 bxc5 12. Bf4 Qb6 13. Nd5 Qd8 14. Nxe7+ Qxe7
15. Bxd6 Qf6 16. Bxf8 Bxf8 17. Qd5 Rb8 18. b3 Nb6 19. Qg5 Qe6 20. Rfe1 Be7 21.
Qe5 Bd6 22. Qxe6 Bxe6 23. Rad1 Be7 24. Ne5 Rc8 25. c4 Bf6 26. Bf3 Rc7 27. Bg4
Bxg4 28. hxg4 h6 29. a4 a5 30. Rd6 Bxe5 31. Rxb6 Bc3 32. Re8+ Kg7 33. Rd6 Rb7
34. f4 Rxb3 35. g5 Bd4+ 36. Kf1 hxg5 37. fxg5 Rg3 38. Rd5 Rg4 39. Ra8 Rf4+ 40.
Ke1 Bc3+ 41. Ke2 Rxc4 42. Rdd8 Rg4 43. Rg8+ Kh7 44. Kd3 Bd4 45. Rge8 Rxg5 46.
Kc4 Rxg2 47. Rxa5 g5 48. Ra7 Rf2 49. a5 g4 50. Re4 Kg7 51. Rxg4+ Kf6 52. a6 Ke6
53. Re4+ Kd6 54. Rb7 Kc6 55. Ree7 Rc2+ 56. Kd3 Rc3+ 57. Kd2 Ra3 58. a7 c4 59.
Rec7+ Kd5 60. Rxf7 Ra2+ 61. Ke1 c3 62. Rfc7 Ke4 63. Rb1 1/2-1/2

[Event "VL 2016/17"]
[Site "Mecklenburg/Vorpommern"]
[Date "2017.04.23"]
[Round "9.2"]
[White "Moritz, Hartmut"]
[Black "Wiemer, Juergen"]
[Result "1-0"]
[WhiteElo "1844"]
[BlackElo "1952"]
[PlyCount "67"]
[EventType "team-tourn"]
[EventRounds "9"]
[SourceDate "2016.10.16"]
[WhiteTeam "SSC Rostock II"]
[BlackTeam "VT Ludwigslust"]

1. e4 e5 2. Nf3 Nc6 3. c3 d5 4. Bb5 Bg4 5. Qa4 dxe4 6. Nxe5 Bd7 7. Nxc6 bxc6 8.
Qxe4+ Qe7 9. Qxe7+ Nxe7 10. Ba4 Nd5 11. O-O O-O-O 12. d4 Re8 13. Bb3 Bf5 14.
Be3 h6 15. Nd2 Bd3 16. Rfe1 g5 17. Nc4 Bd6 18. Ne5 Bxe5 19. dxe5 Nxe3 20. Rxe3
Bg6 21. Rae1 Re7 22. e6 f6 23. Ba4 Be8 24. Re4 c5 25. f4 Bxa4 26. Rxa4 gxf4 27.
Rxa7 Kb8 28. Ra4 Rhe8 29. Rae4 Kb7 30. Kf2 Kc6 31. Kf3 Kd6 32. Kxf4 Rxe6 33.
Rxe6+ Rxe6 34. Rxe6+ 1-0

[Event "VL 2016/17"]
[Site "Mecklenburg/Vorpommern"]
[Date "2017.04.23"]
[Round "9.3"]
[White "Illgen, Alexander"]
[Black "Herde, Dittmar"]
[Result "1-0"]
[WhiteElo "1894"]
[BlackElo "1829"]
[PlyCount "55"]
[EventType "team-tourn"]
[EventRounds "9"]
[SourceDate "2016.10.16"]
[WhiteTeam "VT Ludwigslust"]
[BlackTeam "SSC Rostock II"]

1. d4 d5 2. c4 e6 3. Nc3 Nf6 4. Nf3 c6 5. cxd5 exd5 6. Bg5 h6 7. Bxf6 Qxf6 8.
e3 Bd6 9. Be2 O-O 10. O-O Re8 11. a3 Nd7 12. b4 Nf8 13. b5 Bd7 14. Qb3 Rac8 15.
Rfc1 h5 16. Na4 Ne6 17. bxc6 bxc6 18. Nc5 Bxc5 19. dxc5 g5 20. Qa4 g4 21. Nd2
Rc7 22. Rab1 Ng5 23. Rb4 Bf5 24. Qb3 Be4 25. Bd3 Qg6 26. Bxe4 Nxe4 27. Nxe4
Rxe4 28. Rxe4 1-0

[Event "VL 2016/17"]
[Site "Mecklenburg/Vorpommern"]
[Date "2017.04.23"]
[Round "9.4"]
[White "Nour, Alaa"]
[Black "Krueger, Horst"]
[Result "0-1"]
[WhiteElo "2008"]
[BlackElo "1884"]
[PlyCount "68"]
[EventType "team-tourn"]
[EventRounds "9"]
[SourceDate "2016.10.16"]
[WhiteTeam "SSC Rostock II"]
[BlackTeam "VT Ludwigslust"]

1. e4 c5 2. c3 e6 3. d4 d5 4. exd5 exd5 5. Nf3 Nc6 6. Bg5 Be7 7. Be3 c4 8. b3
b5 9. a4 Na5 10. Nbd2 Bd7 11. Ne5 Nf6 12. Nxd7 Qxd7 13. b4 Nb7 14. Nb3 Ne4 15.
Qc1 bxa4 16. Nc5 Nbxc5 17. dxc5 Bf6 18. Ra3 O-O 19. f3 Nxc3 20. Rxc3 d4 21. Qd2
Rfe8 22. Bxc4 Qe7 23. Ra3 dxe3 24. Qe2 Rad8 25. Rd3 Rxd3 26. Qxd3 e2 27. Qxe2
Qd7 28. O-O Rxe2 29. Bxe2 Qd4+ 30. Kh1 Qxb4 31. c6 Qc5 32. Rb1 g6 33. g3 Qxc6
34. Kg2 a3 0-1

[Event "VL 2016/17"]
[Site "Mecklenburg/Vorpommern"]
[Date "2017.04.23"]
[Round "9.6"]
[White "Menkhaus, Wolf Dieter"]
[Black "Hilpert, Andreas"]
[Result "1/2-1/2"]
[WhiteElo "1800"]
[BlackElo "1787"]
[PlyCount "76"]
[EventType "team-tourn"]
[EventRounds "9"]
[SourceDate "2016.10.16"]
[WhiteTeam "SSC Rostock II"]
[BlackTeam "VT Ludwigslust"]

1. d4 f5 2. c4 Nf6 3. Nc3 e6 4. g3 Be7 5. Bg2 c6 6. Nf3 O-O 7. O-O d5 8. Qd3 h6
9. Bf4 Ne4 10. Ne5 Nxc3 11. bxc3 Qe8 12. c5 Nd7 13. Nxd7 Bxd7 14. Be5 Bf6 15.
Bd6 Rf7 16. Rfb1 Bc8 17. f4 g6 18. a4 Bd8 19. a5 a6 20. e3 Bc7 21. Bxc7 Rxc7
22. Bf3 Bd7 23. Kf2 Rd8 24. Rg1 Bc8 25. g4 Rg7 26. h4 Rdd7 27. Rg3 Qf8 28. g5
h5 29. Rgg1 Rdf7 30. Bg2 Kh7 31. c4 Re7 32. Qb3 Rgf7 33. Rgd1 Re8 34. Qb4 Qe7
35. Re1 Qc7 36. Bf1 Rfe7 37. Qb6 Qb8 38. Rab1 Qc7 1/2-1/2

[Event "VL 2016/17"]
[Site "Mecklenburg/Vorpommern"]
[Date "2017.04.23"]
[Round "9.8"]
[White "Klippel, Jan"]
[Black "Meier, Klaus"]
[Result "0-1"]
[WhiteElo "2049"]
[BlackElo "1990"]
[PlyCount "84"]
[EventType "team-tourn"]
[EventRounds "9"]
[SourceDate "2016.10.16"]
[WhiteTeam "SSC Rostock II"]
[BlackTeam "VT Ludwigslust"]

1. c3 d5 2. d4 Nf6 3. Nf3 e6 4. Bg5 Be7 5. e3 Nbd7 6. Bd3 b6 7. Nbd2 Bb7 8. h3
c5 9. Rc1 Qc7 10. O-O h6 11. Bf4 Bd6 12. Bxd6 Qxd6 13. c4 cxd4 14. Nxd4 O-O 15.
N2f3 dxc4 16. Bxc4 Ne5 17. Be2 Rfd8 18. Qa4 a6 19. Rfd1 b5 20. Qa5 Bd5 21. Nxe5
Qxe5 22. Nc6 Qg5 23. e4 Nxe4 24. Nxd8 Nc3 25. Kf1 Nxd1 26. Rxd1 Qxg2+ 27. Ke1
Qg1+ 28. Bf1 Bc4 29. Qb6 Qxf1+ 30. Kd2 Qxh3 31. Kc1 Qf3 32. Nc6 Bd5 33. Ne7+
Kh7 34. Kd2 Bxa2 35. Ra1 Bc4 36. Rg1 Qd3+ 37. Kc1 Rd8 38. Qc7 Qd6 39. Qb7 Bb3
40. Qe4+ f5 41. Qf3 Qd2+ 42. Kb1 Qd3+ 0-1

[Event "VL 2016/17"]
[Site "Mecklenburg/Vorpommern"]
[Date "2017.04.23"]
[Round "9.2"]
[White "Mildner, Jens"]
[Black "Schmekel, Florian"]
[Result "1-0"]
[WhiteElo "2113"]
[BlackElo "1959"]
[PlyCount "77"]
[EventType "team-tourn"]
[EventRounds "9"]
[SourceDate "2016.10.16"]
[WhiteTeam "Greifswalder SV II"]
[BlackTeam "SAV Torgelow"]

1. d4 Nf6 2. c4 e6 3. Nc3 Bb4 4. e3 b6 5. Bd3 Bb7 6. f3 Bxc3+ 7. bxc3 d6 8. Ne2
c5 9. Ng3 Nc6 10. O-O O-O 11. Bb2 Na5 12. e4 Nd7 13. Rf2 Ba6 14. Qf1 f6 15. f4
g6 16. f5 exf5 17. exf5 g5 18. Re1 Re8 19. Rfe2 Rxe2 20. Qxe2 Nf8 21. h4 h6 22.
Bc1 Qd7 23. Qh5 Qg7 24. hxg5 hxg5 25. Ne4 Bxc4 26. Bxc4+ Nxc4 27. Nxf6+ Qxf6
28. Bxg5 Qxf5 29. Rf1 Qe6 30. Rf6 Qe8 31. Qg4 Ng6 32. Qh5 Nf8 33. Qg4 Ng6 34.
Bh6 Kh8 35. Qh5 Qe1+ 36. Rf1 Qe6 37. Bg5+ Kg7 38. Rf6 Nf4 39. Qh6+ 1-0

[Event "VL 2016/17"]
[Site "Mecklenburg/Vorpommern"]
[Date "2017.04.23"]
[Round "9.3"]
[White "Zentgraf, Robert"]
[Black "Schwahn, Christian"]
[Result "1-0"]
[WhiteElo "2099"]
[BlackElo "1979"]
[PlyCount "92"]
[EventType "team-tourn"]
[EventRounds "9"]
[SourceDate "2016.10.16"]
[WhiteTeam "SAV Torgelow"]
[BlackTeam "Greifswalder SV II"]

1. d4 Nf6 2. Nf3 e6 3. g3 b6 4. Bg2 Bb7 5. O-O Be7 6. c4 O-O 7. Nc3 d5 8. cxd5
exd5 9. Ne5 c6 10. Qa4 Nbd7 11. Bf4 Nxe5 12. Bxe5 Nd7 13. Bf4 b5 14. Qc2 f5 15.
h4 Nf6 16. b3 Bc8 17. Be5 Be6 18. Nd1 Rc8 19. Nb2 c5 20. dxc5 Nd7 21. Bd4 Bxc5
22. Bxc5 Nxc5 23. Nd3 Ne4 24. Qb2 Qf6 25. Qxf6 Rxf6 26. Nf4 Bf7 27. Rfd1 Rc2
28. Bf3 Rd6 29. Rac1 Rxc1 30. Rxc1 Kf8 31. Nd3 g5 32. Rc8+ Be8 33. hxg5 Nxg5
34. Bh5 Nf7 35. Ne5 Ke7 36. Bxf7 Bxf7 37. Rc7+ Kf6 38. Nxf7 Ra6 39. e3 Rxa2 40.
Nd6 b4 41. Nb5 a5 42. Nd4 a4 43. bxa4 Rxa4 44. Rxh7 Ra2 45. Rb7 Rb2 46. Kg2 Ke5
1-0

[Event "VL 2016/17"]
[Site "Mecklenburg/Vorpommern"]
[Date "2017.04.23"]
[Round "9.4"]
[White "Valet, Richard"]
[Black "Ehlers, Michael"]
[Result "1/2-1/2"]
[WhiteElo "1872"]
[BlackElo "1881"]
[PlyCount "23"]
[EventType "team-tourn"]
[EventRounds "9"]
[SourceDate "2016.10.16"]
[WhiteTeam "Greifswalder SV II"]
[BlackTeam "SAV Torgelow"]

1. c4 e5 2. Nc3 Nf6 3. g3 d5 4. cxd5 Nxd5 5. Bg2 c6 6. d3 Be7 7. Nf3 Nd7 8. e4
N5b6 9. d4 exd4 10. Nxd4 Ne5 11. h3 Bc5 12. Nb3 1/2-1/2

[Event "VL 2016/17"]
[Site "Mecklenburg/Vorpommern"]
[Date "2017.04.23"]
[Round "9.5"]
[White "Bauer, Norbert"]
[Black "Sowada, Christoph"]
[Result "1-0"]
[WhiteElo "1965"]
[BlackElo "1919"]
[PlyCount "109"]
[EventType "team-tourn"]
[EventRounds "9"]
[SourceDate "2016.10.16"]
[WhiteTeam "SAV Torgelow"]
[BlackTeam "Greifswalder SV II"]

1. d4 f5 2. g3 d6 3. Nf3 g6 4. Bg2 Bg7 5. O-O c6 6. b3 Nh6 7. Bb2 O-O 8. Nbd2
Nf7 9. e4 e5 10. dxe5 dxe5 11. Nc4 Qc7 12. a4 Be6 13. Qe2 Nd7 14. Rfd1 fxe4 15.
Nfd2 Nf6 16. Nxe4 Nxe4 17. Bxe4 Ng5 18. Bg2 e4 19. Bxg7 Qxg7 20. Rf1 Bd5 21.
Ne3 Nf3+ 22. Kh1 Qh6 23. Bxf3 exf3 24. Qd3 Qh3 25. Rg1 Be6 26. Rad1 Rae8 27. c4
Qh6 28. Qd4 a6 29. Rge1 Qh3 30. Rg1 Bc8 31. g4 Qh4 32. Rg3 Qf6 33. Kg1 Qf4 34.
Kf1 Re4 35. Qd6 Qf7 36. h3 Qg7 37. Qd3 Ref4 38. Qd2 R4f7 39. Qd4 Rf6 40. Qe5
Qf7 41. Kg1 Re6 42. Qc3 Qf4 43. Nc2 Qf6 44. Qxf6 Rexf6 45. Rd3 c5 46. Ne1 b6
47. Rgxf3 Kg7 48. Rxf6 Rxf6 49. Nf3 Kf7 50. Ng5+ Kg7 51. Rd8 Rc6 52. Ne4 h6 53.
f3 g5 54. Kf2 Kf7 55. Rxc8 1-0

[Event "VL 2016/17"]
[Site "Mecklenburg/Vorpommern"]
[Date "2017.04.23"]
[Round "9.6"]
[White "Grehl, Tino"]
[Black "Bress, Aaron"]
[Result "1-0"]
[WhiteElo "1843"]
[BlackElo "1670"]
[PlyCount "63"]
[EventType "team-tourn"]
[EventRounds "9"]
[SourceDate "2016.10.16"]
[WhiteTeam "Greifswalder SV II"]
[BlackTeam "SAV Torgelow"]

1. c4 e5 2. Nc3 Nf6 3. g3 d5 4. cxd5 Nxd5 5. Bg2 Nb6 6. Nf3 Nc6 7. d3 Be7 8.
O-O g5 9. Be3 g4 10. Ne1 h5 11. Nc2 Nd4 12. Ne4 f5 13. Bxd4 exd4 14. Nd2 h4 15.
b4 hxg3 16. hxg3 Nd5 17. Re1 Nc3 18. Qc1 Be6 19. e3 dxe3 20. Rxe3 Bd5 21. Ne1
Bxg2 22. Qxc3 Rh1+ 23. Kxg2 Qd5+ 24. f3 gxf3+ 25. Nexf3 Rh7 26. Rae1 f4 27. Re5
Qd6 28. Re6 Qd7 29. Ng5 Qd5+ 30. Ndf3 Qxa2+ 31. R1e2 Qb1 32. Nxh7 1-0

[Event "VL 2016/17"]
[Site "Mecklenburg/Vorpommern"]
[Date "2017.04.23"]
[Round "9.7"]
[White "Lehmann, Ruben"]
[Black "Nauschuetz, Ernst"]
[Result "1-0"]
[WhiteElo "1940"]
[BlackElo "1838"]
[PlyCount "85"]
[EventType "team-tourn"]
[EventRounds "9"]
[SourceDate "2016.10.16"]
[WhiteTeam "SAV Torgelow"]
[BlackTeam "Greifswalder SV II"]

1. d4 Nf6 2. c4 e6 3. Nc3 Bb4 4. e3 O-O 5. Bd3 d5 6. a3 Bxc3+ 7. bxc3 c5 8.
cxd5 exd5 9. Ne2 Nc6 10. O-O c4 11. Bc2 Bg4 12. f3 Bd7 13. e4 dxe4 14. fxe4 h6
15. Ng3 Bg4 16. Qd2 Nh5 17. Nf5 Ne7 18. Nxh6+ gxh6 19. Qxh6 Ng6 20. e5 Qe7 21.
Bg5 Ng7 22. Bf6 Ne8 23. Bxg6 fxg6 24. Qh8+ Kf7 25. Bg7+ Ke6 26. Rxf8 Kd5 27.
Qg8+ Be6 28. Qh8 Rc8 29. Bh6 b5 30. Rff1 a5 31. Qf8 Bf5 32. e6 Qxe6 33. Rae1
Be4 34. Qf4 Nd6 35. Bg7 b4 36. Be5 Rc6 37. axb4 axb4 38. cxb4 c3 39. b5 Rb6 40.
Qe3 c2 41. Rf6 Qg4 42. Rxd6+ Rxd6 43. Qb3# 1-0